| 000 | 00373nam a22001577a 4500 | ||
|---|---|---|---|
| 005 | 20260601120814.0 | ||
| 008 | 260601b |||||||| |||| 00| 0 eng d | ||
| 041 | _2ENGLISH | ||
| 100 | _aTITAN BOOKS | ||
| 245 | _aTHE ART OF SPIES IN DISGUISE | ||
| 250 | _a2019 | ||
| 260 |
_aLONDON _bTITAN BOOK _c1/12/2025 |
||
| 300 | _aH-160 | ||
| 365 | _b3467.66 | ||
| 942 | _cBK | ||
| 999 |
_c1222300 _d1222300 |
||